Movies Quiz

Random Movies or Alphabet Quiz

'N' and 'O' Movie Villains Quiz Stats

 Plays Quiz not verified by Sporcle

Score 0/20 Timer 05:00
0 Plays Today
% Correct
Norman Bates
87.9%
Oddjob
82.7%
Nurse Ratched
79%
Ocean Master
78.9%
Olaf
77.1%
Oogie Boogie
75%
Obadiah Stane
74.1%
Nebula
68.8%
Nagini
68%
Nute Gunray
66.2%
% Correct
Number Two
65.1%
Orson Krennic
61.7%
Narissa
61.1%
Napoleon
56.1%
Nuada
55.3%
Nigel
54.3%
Nero
52%
Ozymandias
51.8%
Nome King
48%
Noah Cross
41.2%

You're not logged in!

Compare scores with friends on all Sporcle quizzes.
OR
Log In

Show Comments

Extras

Top Quizzes Today


Score Distribution

Your Account Isn't Verified!

In order to create a playlist on Sporcle, you need to verify the email address you used during registration. Go to your Sporcle Settings to finish the process.

Report this User

Report this user for behavior that violates our Community Guidelines.

Details: